• 首页
  • 本馆介绍
  • 公告通知
  • 最新文献
  • 馆藏检索
  • 电子资源
  • 读者导购
  • 参考咨询
  • 我的图书馆
  • 登录
  • 详细信息显示
  • 放入我的书架
  • 预约/预借图书
  • 作者相关作品
  • 分类相关作品
  • 丛书相关作品
  • 出版社相关作品

书目信息

  • 表格格式
  • 工作单格式
  • 卡片格式
题名:
权力精英
    
 
作者: 米尔斯 著 ;李子雯 译
分册:  
出版信息: 北京   北京时代华文书局  2019.10
页数: 401页
开本: 23cm
丛书名:
单 册:
中图分类: D771.261
科图分类:
主题词: 阶层--jie ceng--分析--美国
电子资源:
ISBN: 978-7-5699-1500-6
000 01068nam0 2200253 450
001 0109110032
005 20201109110332.0
010    @a978-7-5699-1500-6@b精装@dCNY78.00
100    @a20200408e20202019em y0chiy50 ea
101 1  @achi@ceng
102    @aCN@b110000
105    @aa z 000yy
106    @ar
200 1  @a权力精英@Aquan li jing ying@dThe power elite@f(美)C. 赖特·米尔斯(C. Wright Mills)著@g李子雯译@zeng
210    @a北京@c北京时代华文书局@d2019.10@h2020.07
215    @a401页@c照片@d23cm
330    @a切.格瓦拉、卡斯特罗、让-保罗.萨特、西蒙娜.波伏娃推荐,45005位国际社会学协会的成员投票选出“20世纪100本重要的社会学著作”之一!美国著名社会学家赖特.米尔斯经久不衰的权力批判巨著,从“权力”本质出发读懂当代社会,看清社会等级的真相!充满启发性的社会科学著作,跨越地域和时代的借鉴意义!
510 1  @aPower elite@zeng
606 0  @a阶层@Ajie ceng@x分析@y美国
690    @aD771.261@v5
701  1 @c(美)@a米尔斯@Ami er si@c(Mills, C. Wright@4著
702  0 @a李子雯@Ali zi wen@4译
801  0 @aCN@bBJSZM@c20201103
905    @b1264516-20@dD771.261@e472@f5
    
    权力精英=The power elite/(美)C. 赖特·米尔斯(C. Wright Mills)著/李子雯译.-北京:北京时代华文书局,2019.10(2020.07)
    401页:照片;23cm
    
    
    ISBN 978-7-5699-1500-6(精装):CNY78.00
    切.格瓦拉、卡斯特罗、让-保罗.萨特、西蒙娜.波伏娃推荐,45005位国际社会学协会的成员投票选出“20世纪100本重要的社会学著作”之一!美国著名社会学家赖特.米尔斯经久不衰的权力批判巨著,从“权力”本质出发读懂当代社会,看清社会等级的真相!充满启发性的社会科学著作,跨越地域和时代的借鉴意义!
●
相关链接 在E读中查询图书 在五车中查询图书 在当当中查询图书 在豆瓣中查询图书


正题名:权力精英     索取号:D771.261/472         预约/预借

序号 登录号 条形码 馆藏地/架位号 状态 备注
1 1264516   212645164   第一样本阅览室/ [索取号:D771.261/472] 在馆    
2 1264517   212645173   教育系资料室/ [索取号:D771.261/472] 在馆    
3 1264518   212645182   教育系资料室/ [索取号:D771.261/472] 在馆    
4 1264519   212645191   第一借阅区/ [索取号:D771.261/472] 在馆    
5 1264520   212645208   第一借阅区/ [索取号:D771.261/472] 在馆    
唐山师范学院图书馆 欢迎您!
大连网信软件有限公司© 版权所有